| 000 | 00391cam a2200169ua 4500 | ||
|---|---|---|---|
| 020 | _c3.00 | ||
| 041 |
_amal _h |
||
| 082 |
_a746 _bCHA/VA |
||
| 100 | _aChathu, P V. | ||
| 245 |
_aVasthra nirmana vidya / _cP V Chathu. _hTextual Documents |
||
| 260 |
_aCalicut : _bP.K Brothers , _c1963. |
||
| 300 | _a227 ; . | ||
| 365 | _a3.00 | ||
| 504 | _a | ||
| 942 | _cBK | ||
| 999 |
_c5019 _d5019 |
||